00373nam a22001097a 4500008004100000040005500041080003400096245005700130260005000187650001200237653001400249230623b |||||||| |||| 00| 0 eng d aNational Science LibrarycNational Science Library a620.91(083.9)(058.7)(540)bL8 aDirectory of solar energy research projects in India aNew Delhi: bTata Energy Research Institute,  aEnergy  aResearch